GENERAL ANATOMY (Record no. 1127)
[ view plain ]
| 000 -LEADER | |
|---|---|
| fixed length control field | 00310nam a2200133Ia 4500 |
| 008 - FIXED-LENGTH DATA ELEMENTS--GENERAL INFORMATION | |
| fixed length control field | 150201s2008 xx 000 0 und d |
| 082 ## - DEWEY DECIMAL CLASSIFICATION NUMBER | |
| Classification number | 611 |
| Item number | G08S |
| 100 ## - MAIN ENTRY--PERSONAL NAME | |
| Personal name | SINGH,VISHRAM |
| 245 ## - TITLE STATEMENT | |
| Title | GENERAL ANATOMY |
| 250 ## - EDITION STATEMENT | |
| Edition statement | 1ST |
| 260 ## - PUBLICATION, DISTRIBUTION, ETC. (IMPRINT) | |
| Name of publisher, distributor, etc. | ELSEVIER |
| Place of publication, distribution, etc. | DELHI |
| Date of publication, distribution, etc. | 2008 |
| 650 ## - SUBJECT ADDED ENTRY--TOPICAL TERM | |
| Topical term or geographic name as entry element | HUMAN ANATOMY |
| 942 ## - ADDED ENTRY ELEMENTS (KOHA) | |
| Source of classification or shelving scheme | Dewey Decimal Classification |
| Koha item type | Books |
| Koha issues (borrowed), all copies | 72 |
| Withdrawn status | Lost status | Source of classification or shelving scheme | Damaged status | Not for loan | Collection code | Home library | Current library | Shelving location | Date acquired | Source of acquisition | Cost, normal purchase price | SGTU | Bill Number | Total Checkouts | Total Renewals | Full call number | Barcode | Date last seen | Date last checked out | Bill Date | Koha item type |
|---|---|---|---|---|---|---|---|---|---|---|---|---|---|---|---|---|---|---|---|---|---|
| Dewey Decimal Classification | MEDICAL | SGT Medical Library | SGT Medical Library | Text Book | 21/12/2010 | U.B.S. DELHI | 425.00 | SGTU | 726 | 34 | 1 | 611 G08S | FM4362 | 13/11/2025 | 25/10/2025 | 21/12/2010 | Books | ||||
| Dewey Decimal Classification | MEDICAL | SGT Medical Library | SGT Medical Library | Text Book | 21/12/2010 | U.B.S. DELHI | 425.00 | SGTU | 726 | 57 | 1 | 611 G08S | FM4363 | 12/12/2025 | 03/12/2025 | 21/12/2010 | Books | ||||
| Dewey Decimal Classification | MEDICAL | SGT Medical Library | SGT Medical Library | Text Book | 21/12/2010 | U.B.S. DELHI | 425.00 | SGTU | 726 | 19 | 611 G08S | FM4364 | 20/11/2024 | 07/11/2024 | 21/12/2010 | Books | |||||
| Dewey Decimal Classification | MEDICAL | SGT Medical Library | SGT Medical Library | Text Book | 21/12/2010 | U.B.S. DELHI | 425.00 | SGTU | 726 | 47 | 3 | 611 G08S | FM4365 | 05/12/2025 | 02/12/2025 | 21/12/2010 | Books | ||||
| Dewey Decimal Classification | MEDICAL | SGT Medical Library | SGT Medical Library | Text Book | 21/12/2010 | U.B.S. DELHI | 425.00 | SGTU | 726 | 35 | 611 G08S | FM4366 | 16/01/2025 | 10/01/2025 | 21/12/2010 | Books |